[Event "LOCKDOWN LIGHT"]
[Site "SchemingMind.com"]
[Date "2020.04.21"]
[Round "-"]
[White "Robert Hatfield"]
[Black "Randy Bahr"]
[Result "1-0"]
[WhiteCountry "USA"]
[BlackCountry "USA"]
[WhiteElo "1823"]
[WhiteRD "66"]
[BlackElo "1722"]
[BlackRD "68"]
[GameID "454095"]

1. a3 d5 2. Nf3 Bg4 3. Ne5 Bh5 4. g3 e6 5. Bg2 Nd7 6. Nxd7 Qxd7 7. O-O Nf6 8. d4 Be7 9. c4 O-O 10. Nc3 c6
11. b3 Qd8 12. Bb2 h6 13. c5 b5 14. Qd2 Ng4 15. h3 Bg5 16. f4 Bf6 17. hxg4 Bxg4 18. e4 dxe4 19. Nxe4 Be7 20. Nf2 h5
21. Nxg4 hxg4 22. Rad1 Qc7 23. Qe3 Bf6 24. Qe2 a5 25. Qxg4 Rad8 26. Be4
1-0

[Event "LOCKDOWN LIGHT"]
[Site "SchemingMind.com"]
[Date "2020.04.21"]
[Round "-"]
[White "Randy Bahr"]
[Black "Robert Hatfield"]
[Result "0-1"]
[WhiteCountry "USA"]
[BlackCountry "USA"]
[WhiteElo "1722"]
[WhiteRD "68"]
[BlackElo "1823"]
[BlackRD "66"]
[GameID "454096"]

1. a3 d5 2. d4 Nf6 3. Nf3 g6 4. Bf4 Bg7 5. e3 O-O 6. Bd3 Bg4 7. h3 Bxf3 8. Qxf3 Nbd7 9. O-O c6 10. Nd2 b5
11. b3 a5 12. Qe2 Qb6 13. Rfb1 c5 14. c4 Nh5 15. dxc5 Nxc5 16. Ra2 Nxd3 17. Qxd3 dxc4 18. bxc4 Rad8 19. c5 Qxc5 20. Qxb5 Qd5
21. Bc7 Qxa2 22. Bxd8 Rxd8 23. Nc4 Qe2 24. Qxa5 Rd1+ 25. Rxd1 Qxd1+ 26. Kh2 Qb3 27. Ne5 Bxe5+
0-1